00747nam a22002417a 450000500170000000800410001702000180005804000070007604100080008308200180009110000210010924500390013026000450016930000250021436500300023965000190026970000230028870000260031170000210033794200120035899900190037095201160038920210928055116.0210928b ||||| |||| 00| 0 eng d a81-85151-67-9 cAL aeng 223a335bBOSC aPradip Bose9438 aContemporary socialism:an analysis aNew DelhibHarman Publishing Housec1992 a188 p.bHBc22x14 cm b₹200.00c₹d₹200.00 aSocialism9439 aBOSE (Pradip)9440 aVIVEKANANDAN (B)9441 aPANDA (K K)9442 2ddccGF c216406d216406 00102ddc40708ECOaALbALd2013-03-24g0.00l0o335 BOSCpGF01453r2021-09-28 00:00:00v0.00w2021-09-28yGF